<?xml version="1.0" encoding="UTF-8"?>
<record
    xmlns:xsi="http://www.w3.org/2001/XMLSchema-instance"
    xsi:schemaLocation="http://www.loc.gov/MARC21/slim http://www.loc.gov/standards/marcxml/schema/MARC21slim.xsd"
    xmlns="http://www.loc.gov/MARC21/slim">

  <leader>00607nam a2200145Ia 4500</leader>
  <controlfield tag="008">260210s9999    xx            000 0 und d</controlfield>
  <datafield tag="024" ind1=" " ind2=" ">
    <subfield code="a">10B-5-EE, 10B-10-EE, 10B-22-EE, 10B-28-EE &amp;amp;amp; 10B-35-EE</subfield>
  </datafield>
  <datafield tag="082" ind1=" " ind2=" ">
    <subfield code="a">621.399072 MUH</subfield>
  </datafield>
  <datafield tag="100" ind1=" " ind2=" ">
    <subfield code="a">Muhammad Wasif, Bilal Ahsan, Abdul Qayoom, Kamran Ali &amp;amp; Shoaib Ahmed Khan</subfield>
  </datafield>
  <datafield tag="245" ind1=" " ind2="0">
    <subfield code="a">Spider Robot Design and Implementation</subfield>
  </datafield>
  <datafield tag="260" ind1=" " ind2=" ">
    <subfield code="a">Karachi:</subfield>
    <subfield code="b">UITU,</subfield>
    <subfield code="c">2010</subfield>
  </datafield>
  <datafield tag="600" ind1=" " ind2=" ">
    <subfield code="a">Electronic Engineering</subfield>
  </datafield>
  <datafield tag="650" ind1=" " ind2=" ">
    <subfield code="a">Bachelor of Engineering (BE)</subfield>
  </datafield>
  <datafield tag="856" ind1=" " ind2=" ">
    <subfield code="u">https://drive.google.com/file/d/1-LLMK3jGqUoR1iH88PbZcL0Te9iO_F4U/view?usp=sharing</subfield>
    <subfield code="y">Click here for PDF</subfield>
  </datafield>
  <datafield tag="999" ind1=" " ind2=" ">
    <subfield code="c">33215</subfield>
    <subfield code="d">33215</subfield>
  </datafield>
</record>
